Culture Générale - Série 464 - Statistiques

Statistiques générales
  • Ce quiz a été pris 214 fois
  • Le résultat moyen est 5 sur 10
Statistiques - réponses
Question Réponse % Correct
Dans quelle ville du sud de la France trouve‐t‐on la gare de l'Estaque ? Marseille
83%
Quelle chaîne de montagnes borde l'ouest de l'Argentine ? Les Andes
72%
Quel petit ourson anglais emprunte son nom à une gare londonienne ? Paddington
61%
Quelle gare parisienne se distingue par sa tour carrée haute de 67 mètres ? gare de Lyon
54%
Qui a rendu un train célèbre en le filmant à son entrée en gare de La Ciotat en 1895 ? Louis Lumière
54%
Dans quelle gare parisienne Amélie Poulain découvre‐t‐elle l'identité de "l'inconnu des Photomaton" ? gare de l'Est
50%
A quel ancien policier doit‐on le script du film "36, quai des Orfèvres" ? Olivier Marchal
39%
Dans quelle pièce de Molière est tirée cette phrase "Couvrez ce sein, que je ne saurais voir" Tartuffe
34%
Au théâtre et au cinéma, quel scénariste a donné vie au cultissime François Pignon ? Francis Veber
26%
Quel détective enquête au "120, rue de la Gare" ? Nestor Burma
15%
Aucun quiz correspondant
Distribution des résultats
% des personnes avec chaque résultat
Percentile par nombre de réponses
Votre historique - résultats
Vous n’avez pas pris ce quiz